00955nam a2200229 i 4500001000700000003000900007005001700016008004100033100001900074245015700093260008200250300002600332490008600358610003500444650002500479700001800504700002700522700002000549710004700569830008600616852002300702189794ES-MaACL20250817063137.0191126s1968 sp |||| | spa d1 aMeynaud, Jean.13aLa Europa de los negocios b: estructura y funcion de los grupos /cJean Maynaud, Dusan Sidjanski ; [versión de Juan Antonio Mercado, Pilar Llopart]. aBarcelona : bInstituto de Ciencias Sociales, Diputación Provincial,c1968. aXII 267 p. ; c24 cm.1 aColección de ciencias sociales (Instituto de Ciencias Sociales, Barcelona) ;v704aComunidad Económica Europea. aGrupos de presión.1 aSidjan Dusan.1 aMercado, Juan Antonio.0 aLlopart, Pilar.0 aInstituto de Ciencias Sociales (Barcelona) 0aColección de ciencias sociales (Instituto de Ciencias Sociales, Barcelona) ;v7 aES-MaACLjP-1087-5